[Event "Budapest Spring op"]
[Site "Budapest"]
[Date "1994.??.??"]
[Round "6"]
[White "Sivokho, Sergey"]
[Black "Zemerov, Vladimir"]
[Result "1-0"]
[WhiteElo "2360"]
[BlackElo "2415"]

1.e4 c5 2.Nf3 e6 3.d4 cxd4 4.Nxd4 Nc6 5.Nc3 a6 6.g3 d6 7.Bg2 Bd7 8.O-O Nf6
9.Re1 Be7 10.Nxc6 Bxc6 11.a4 O-O 12.a5 Rc8 13.Be3 Nd7 14.Na4 Qc7 15.Nb6 Nxb6
16.Bxb6 Qb8 17.c4 Bd8 18.Bd4 e5 19.Bc3 Bc7 20.b4 Bd7 21.Qd3 Be6 22.Rec1 Rfd8
23.Qf1 Rf8 24.Bh3 Rce8 25.Bxe6 fxe6 26.b5 Bd8 27.c5 d5 28.bxa6 d4 29.Bd2 bxa6
30.Qxa6 Qb2 31.Qd3 Qb7 32.a6 Qf7 33.a7 Bc7 34.Be1 h5 35.Rcb1 Ra8 36.Rb7 Rfc8
37.Ba5 Kh7 38.c6  1-0

[Event "Budapest Spring op"]
[Site "Budapest"]
[Date "1994.??.??"]
[Round "6"]
[White "Sawatzki, Frank"]
[Black "Mochalov, Evgeny V"]
[Result "0-1"]
[WhiteElo "2265"]
[BlackElo "2450"]

1.e4 c5 2.Nf3 e6 3.d4 cxd4 4.Nxd4 Nc6 5.Nc3 d6 6.g3 Nf6 7.Bg2 Bd7 8.O-O Be7
9.Ndb5 Qb8 10.Bf4 Ne5 11.a4 O-O 12.Qe2 a6 13.Na3 Qc7 14.Rfd1 Rac8 15.h3 h6
16.Qe1 Qb8 17.Qe2 Rxc3 18.bxc3 Bxa4 19.Rd4 Bc6 20.Rad1 Rc8 21.c4 Ne8 22.Bc1 Nd7
23.f4 Nc5 24.e5 Na4 25.R4d3 Bxg2 26.Kxg2 b5 27.cxb5 Nc3 28.Rxc3 Rxc3 29.Nb1 Rc5
30.c4 axb5 31.cxb5 Rxb5 32.Na3 Rb3 33.Kh2 dxe5 34.Nc4 exf4 35.Bxf4 Qb5 36.Qe4 Nf6  0-1

[Event "Budapest FS12 GM"]
[Site "Budapest"]
[Date "1994.??.??"]
[Round "6"]
[White "Szuk, Balazs"]
[Black "Kogan, Artur"]
[Result "0-1"]
[WhiteElo "2335"]
[BlackElo "2470"]

1.e4 c5 2.Nf3 e6 3.d4 cxd4 4.Nxd4 Nc6 5.Nc3 Qc7 6.Be2 a6 7.O-O Nf6 8.Kh1 Nxd4
9.Qxd4 Bc5 10.Qd3 h5 11.f4 Ng4 12.e5 d5 13.exd6 Qxd6 14.Qxd6 Bxd6 15.Ne4 Bc7
16.Bf3 Bd7 17.c4 Bc6 18.c5 O-O-O 19.h3 Nh6 20.g3 Nf5 21.Kg2 h4 22.Ng5 Nxg3
23.Nxf7 Nxf1 24.Bxc6 bxc6 25.Kxf1 Rhf8 26.Nxd8 Kxd8 27.Ke2 Ke7 28.Be3 Bxf4
29.Rg1 g5 30.Bxf4 gxf4 31.Rg5 Kf6 32.Rh5 Rg8 33.Rxh4 Kf5 34.Kf3 Rg3+ 35.Kf2 e5
36.Rh5+ Ke4 37.Rh6 Kd5 38.b4 e4 39.Rd6+ Ke5 40.Rxc6 e3+ 41.Ke2 Rg2+ 42.Kd3 Rd2+  0-1

[Event "Budapest FS06 IM-B"]
[Site "Budapest"]
[Date "1994.??.??"]
[Round "7"]
[White "Horvath, Imre"]
[Black "Orso, Miklos"]
[Result "1/2-1/2"]
[WhiteElo "2390"]
[BlackElo "2330"]

1.e4 c5 2.Nf3 e6 3.d4 cxd4 4.Nxd4 Nc6 5.Nc3 Nf6 6.Ndb5 d6 7.Bf4 e5 8.Bg5 a6
9.Na3 b5 10.Bxf6 gxf6 11.Nd5 f5 12.Bd3 Be6 13.O-O Bg7 14.Qh5 O-O  1/2-1/2

[Event "Budapest FS12 IM"]
[Site "Budapest"]
[Date "1994.??.??"]
[Round "7"]
[White "Ciric, Dragoljub M"]
[Black "Letreguilly, Olivier"]
[Result "1-0"]
[WhiteElo "2365"]
[BlackElo "2295"]

1.e4 c5 2.Nf3 e6 3.Nc3 Nc6 4.d4 cxd4 5.Nxd4 a6 6.g3 d6 7.Bg2 Bd7 8.O-O Be7
9.Nce2 Nf6 10.c4 O-O 11.b3 b5 12.cxb5 Nxd4 13.Nxd4 axb5 14.Bb2 Rc8 15.a3 Qb6
16.Re1 Rc7 17.h3 Rfc8 18.Re2 Be8 19.Nc2 Nd7 20.Bd4 Qa5 21.Kh2 Bf6 22.Bxf6 Nxf6
23.Ra2 Qb6 24.Nb4 Rc1 25.Qd2 R1c3 26.Rc2 Rxc2 27.Nxc2 Qc5 28.Nb4 Bd7 29.Re3 Kf8
30.Rd3 Ke7 31.f4 Be8 32.Bf3 Qc1 33.Rxd6 Qxa3 34.Ra6 Rc2 35.Qxc2 Qxb4 36.e5 Nd7
37.Qd3 f6 38.Qd6+ Qxd6 39.exd6+ Kf7 40.Ra7 e5 41.Bg4  1-0

[Event "Budapest FS10 GM"]
[Site "Budapest"]
[Date "1994.??.??"]
[Round "7"]
[White "Sulskis, Sarunas"]
[Black "Fogarasi, Tibor"]
[Result "1/2-1/2"]
[WhiteElo "2455"]
[BlackElo "2445"]

1.e4 c5 2.Nf3 e6 3.d4 cxd4 4.Nxd4 Nc6 5.Nc3 Qc7 6.Be3 a6 7.Be2 Nf6 8.O-O Be7
9.f4 d6 10.Kh1 O-O 11.a4 Re8 12.Bf3 Rb8 13.Nb3 b6 14.Qe2 Nb4 15.Rad1 Bb7
16.Qf2 Ba8 17.Rfe1 d5 18.exd5 Nfxd5 19.Bd4 Bd6 20.Nxd5 Nxd5 21.Be5 Bxe5 22.fxe5 Rbc8
23.Be4 Qe7 24.c3 Rc4 25.Rd4 Rec8 26.Bd3 Rxd4 27.Nxd4 Bb7 28.Qg3 h6 29.Kg1 Qg5
30.Qxg5 hxg5 31.Be4 Rc4 32.Ra1 Kf8 33.h3 Ke7 34.Bf3 Rc7 35.Bxd5 Bxd5 36.a5 b5
37.Kf2 f6 38.exf6+ gxf6 39.Nc2 Bb7 40.Rd1 f5 41.g3 Rc8 42.Nd4 Rh8 43.Re1 Be4
44.g4 Rxh3 45.gxf5 Rh2+ 46.Kg3 Rg2+ 47.Kh3 g4+ 48.Kh4 exf5 49.Nxf5+ Kf6 50.Ne3 Rh2+
51.Kg3 Rxb2 52.Nxg4+ Kf5 53.Nh6+ Ke5 54.Ng4+ Kf5  1/2-1/2

[Event "Budapest Spring op"]
[Site "Budapest"]
[Date "1994.??.??"]
[Round "8"]
[White "Mochalov, Evgeny V"]
[Black "Pakkanen, Jukka"]
[Result "0-1"]
[WhiteElo "2450"]
[BlackElo "2315"]

1.e4 c5 2.Nf3 e6 3.d4 cxd4 4.Nxd4 Nc6 5.Nc3 d6 6.g3 Nf6 7.Bg2 Bd7 8.O-O Be7
9.Nce2 Nxd4 10.Qxd4 Qc7 11.c4 O-O 12.b3 b5 13.Ba3 e5 14.Qd2 bxc4 15.b4 Bc6
16.Nc3 Qb7 17.Qe2 d5 18.exd5 Nxd5 19.Qxc4 Nxb4 20.Bxc6 Qxc6 21.Qxc6 Nxc6
22.Bxe7 Nxe7 23.Rfd1 Nc6 24.Rab1 Rac8 25.Rd7 Nb8 26.Rd3 f6 27.Nb5 a6 28.Nd6 Rcd8
29.Rb7 h5 30.Kf1 Kh7 31.Ke2 Kg6 32.f4 Nc6 33.fxe5 Nxe5 34.Rd2 Rb8 35.Rdb2 Rxb7
36.Rxb7 Rd8 37.Rb6 a5 38.h3 Rd7 39.Ra6 Re7 40.Ne4 Nd7 41.Kf3 Rxe4  0-1

[Event "Buenos Aires Sicilian"]
[Site "Buenos Aires"]
[Date "1994.??.??"]
[Round "2"]
[White "Salov, Valery"]
[Black "Karpov, Anatoly"]
[Result "1-0"]
[WhiteElo "2710"]
[BlackElo "2780"]

1.e4 c5 2.Nf3 e6 3.d4 cxd4 4.Nxd4 Nc6 5.Nc3 Qc7 6.Be2 Nf6 7.Be3 a6 8.O-O Bb4
9.Na4 Be7 10.Nxc6 bxc6 11.Nb6 Rb8 12.Nxc8 Qxc8 13.e5 Nd5 14.Bc1 Bc5 15.Qd3 O-O
16.Qg3 Re8 17.Rd1 a5 18.b3 a4 19.Bh6 Bf8 20.h4 Qc7 21.Bg5 axb3 22.axb3 Ra8
23.c4 Nb4 24.Qc3 c5 25.Bf3 Rxa1 26.Rxa1 d6 27.Bf4 Rd8 28.h5 h6 29.Rd1 dxe5
30.Rxd8 Qxd8 31.Bxe5 Qd7 32.g3 Nd3 33.Bc6 Qd8 34.Qd2 Be7 35.Bc3 Bg5 36.Qd1 Nc1
37.Qc2 Qd3 38.Qxd3 Nxd3 39.Kf1 Nc1 40.Ba4 Bf6 41.Bxf6 gxf6 42.b4 Kf8 43.b5 Ke7
44.Bc2 f5 45.Ke1 Na2 46.Kd2 Nb4 47.Bb1 Kd6 48.Ke2 Ke5 49.Ke3 Kf6 50.Kf4 Ke7
51.Ke5 f6+ 52.Kf4 Kf7 53.b6 Nc6 54.b7 Ke7 55.Bxf5 Kd6 56.Be4 Nb8 57.Bg6 Kc7
58.Bf7 Kd6 59.Be8 Ke7 60.Bb5 Kd6 61.Ke4 Kc7 62.g4  1-0

[Event "Buenos Aires PRENAJ"]
[Site "Buenos Aires"]
[Date "1994.??.??"]
[Round "3"]
[White "Fiorito, Fabian"]
[Black "Garcia, Raimundo"]
[Result "1-0"]
[WhiteElo "2455"]
[BlackElo "2395"]

1.e4 c5 2.Nf3 e6 3.d4 cxd4 4.Nxd4 Nc6 5.Nc3 Qc7 6.g3 a6 7.Bg2 d6 8.O-O Bd7
9.Re1 Be7 10.Nxc6 Bxc6 11.a4 Nf6 12.a5 O-O 13.Be3 Rae8 14.Bb6 Qc8 15.f4 Nd7
16.Be3 f5 17.exf5 Rxf5 18.Bh3 Rf6 19.Bd4 e5 20.fxe5 dxe5 21.Be3 Rd6 22.Qg4 Qd8
23.Qc4+ Kh8 24.Ne4 Rd5 25.b4 Rf8 26.Be6 Rb5 27.c3 Qe8 28.Rad1 Nf6 29.Ng5 Qh5
30.Qh4 Qg6 31.Rf1 e4 32.g4 Qe8 33.Rxf6 Rxg5 34.Rxf8+ Bxf8 35.Qxg5 Qxe6 36.Rd8 Kg8
37.Bc5 Be8 38.Bxf8 Kxf8 39.Qf5+ Qxf5 40.gxf5 Ke7 41.Rb8 Bc6 42.Kf2 Kf6 43.Rf8+ Ke7
44.Rh8 h6 45.Ke3 Kf6 46.Kf4 e3 47.Kxe3 Kxf5 48.Kd4 Kg5 49.Kc5 h5 50.c4 Kh4
51.b5 axb5 52.cxb5 Bf3 53.a6 bxa6 54.bxa6 Kh3 55.a7 h4 56.Kd4 g5 57.Ke3 Bh1
58.Kf2  1-0

[Event "ARG-ch"]
[Site "Buenos Aires"]
[Date "1994.??.??"]
[Round "4"]
[White "Bazan, Osvaldo"]
[Black "Bruno, Eduardo"]
[Result "1/2-1/2"]
[WhiteElo "2305"]
[BlackElo "2310"]

1.e4 c5 2.Nf3 Nc6 3.Nc3 e6 4.d4 cxd4 5.Nxd4 d6 6.Be3 Nf6 7.f4 Be7 8.Qf3 a6
9.Bd3 Qc7 10.O-O O-O 11.Rae1 Bd7 12.Kh1 Rac8 13.Bf2 b5 14.a3 Qb8 15.Nxc6 Bxc6
16.Qh3 e5 17.Nd5 Bxd5 18.exd5 h6 19.fxe5 Nxd5 20.Qf5 g6 21.Qf3 Nc7 22.exd6 Bxd6
23.Qg4 Ne8 24.Bd4 Ng7 25.Qh4 Ne6 26.Rxe6 fxe6 27.Rxf8+ Kxf8 28.Qf6+ Ke8 29.Qxe6+ Kd8
30.Qxg6 Be5 31.Qg8+ Kc7 32.Qh7+ Kd8 33.Bf5 Qd6 34.Bb6+ Rc7 35.Bxc7+ Qxc7
36.Qg8+ Ke7 37.Qe6+ Kd8 38.Qd5+ Ke7 39.Bg6 Bxb2 40.Qf7+ Kd6 41.Qf4+ Be5 42.Qxh6 Qc3
43.Bd3+ Kc7 44.g3 Qxa3 45.Qe3 Qd6 46.Kg2 Bd4 47.Qf3 Kb6 48.Qf5 Be5 49.Qf7 a5
50.Be4 a4 51.c4 b4 52.Qb7+ Kc5 53.Qb5+ Kd4 54.c5 Qb8 55.Qd3+ Kxc5 56.Qd5+ Kb6
57.Qc6+  1/2-1/2

[Event "Buenos Aires Sicilian"]
[Site "Buenos Aires"]
[Date "1994.??.??"]
[Round "4"]
[White "Ivanchuk, Vassily"]
[Black "Karpov, Anatoly"]
[Result "0-1"]
[WhiteElo "2695"]
[BlackElo "2780"]

1.e4 c5 2.Nf3 e6 3.d4 cxd4 4.Nxd4 Nc6 5.Nc3 Qc7 6.Be2 a6 7.O-O Nf6 8.Kh1 Be7
9.f4 d6 10.Be3 O-O 11.Qe1 Bd7 12.Qg3 Kh8 13.Rad1 Rac8 14.Nf3 Nb4 15.Ne1 b5
16.a3 Nc6 17.e5 dxe5 18.fxe5 Qxe5 19.Bf4 Qc5 20.Be3 Qe5 21.Rxf6 Qxg3 22.hxg3 Bxf6
23.Rxd7 Kg8 24.Nd1 Rfd8 25.Rxd8+ Rxd8 26.Nf3 h5 27.Kg1 Ne7 28.Bd3 Nd5 29.Bd2 Be7
30.Kf2 Bc5+ 31.Ke2 Bd6 32.c4 bxc4 33.Bxc4 Bxg3 34.Bxa6 Nf4+ 35.Bxf4 Bxf4
36.Ne3 g5 37.Nd2 f5 38.a4 Kf7 39.Ndc4 Rb8 40.Nc2 g4 41.Nd4 h4 42.Nc6 Ra8
43.Bb5 h3 44.gxh3 gxh3 45.N6e5+ Kf6 46.Nd7+ Ke7 47.Ndb6 Rh8 48.Bc6 h2 49.a5 Bb8
50.a6 Kd8 51.Bh1 Rg8 52.Ne5 Kc7  0-1

[Event "Buenos Aires GP1"]
[Site "Buenos Aires"]
[Date "1994.??.??"]
[Round "5"]
[White "Roman, Facundo"]
[Black "Giardelli, Sergio C"]
[Result "1-0"]
[WhiteElo "2310"]
[BlackElo "2475"]

1.e4 c5 2.Nf3 e6 3.d4 cxd4 4.Nxd4 Nc6 5.Nc3 Qc7 6.Be2 a6 7.Be3 b5 8.f4 Bb7
9.O-O Na5 10.e5 Nc4 11.Bxc4 bxc4 12.Qe2 f5 13.Rad1 Nh6 14.Nf3 Bb4 15.Na4 Ba5
16.Rd4 Bd5 17.Rxd5 exd5 18.Bc5 Qb7 19.Nd4 Kf7 20.Qh5+ Kg8 21.Rf3 d6 22.Bxd6 Qf7
23.Qxh6 gxh6 24.Rg3+ Qg6 25.Nxf5 Kf7 26.Rxg6 hxg6 27.Ne3 Ke6 28.Nc5+ Kf7
29.e6+  1-0

[Event "Buenos Aires Sicilian"]
[Site "Buenos Aires"]
[Date "1994.??.??"]
[Round "6"]
[White "Shirov, Alexei"]
[Black "Karpov, Anatoly"]
[Result "1/2-1/2"]
[WhiteElo "2740"]
[BlackElo "2780"]

1.e4 c5 2.Nf3 e6 3.d4 cxd4 4.Nxd4 Nc6 5.Nc3 Qc7 6.Be2 a6 7.O-O Nf6 8.Be3 Bb4
9.Na4 Be7 10.Nxc6 bxc6 11.Nb6 Rb8 12.Nxc8 Qxc8 13.e5 Nd5 14.Bc1 Bc5 15.c4 Ne7
16.b3 Qc7 17.Bb2 O-O 18.Kh1 Rfd8 19.Qc2 a5 20.Rad1 a4 21.Rd3 axb3 22.axb3 Ng6
23.f4 d6 24.exd6 Rxd6 25.g3 Rxd3 26.Qxd3 Bf8 27.Qc3 c5 28.Rf3 Ne7 29.Qe5 Qc8
30.Rd3 Nc6 31.Qe3 Qa6 32.Bf3 Nd4 33.Bxd4 cxd4 34.Qxd4 g6 35.Kg2 Qa2+ 36.Rd2 Qa5
37.Rd3  1/2-1/2

[Event "Buenos Aires Sicilian"]
[Site "Buenos Aires"]
[Date "1994.??.??"]
[Round "8"]
[White "Kamsky, Gata"]
[Black "Karpov, Anatoly"]
[Result "1/2-1/2"]
[WhiteElo "2695"]
[BlackElo "2780"]

1.e4 c5 2.Nf3 e6 3.d4 cxd4 4.Nxd4 Nc6 5.Nc3 Qc7 6.Be2 a6 7.O-O Nf6 8.Be3 Bb4
9.Na4 Be7 10.c4 Nxe4 11.c5 Nf6 12.Bf3 O-O 13.Rc1 Rb8 14.g3 g6 15.Nb6 Rd8
16.Qa4 e5 17.Nb3 d5 18.cxd6 Rxd6 19.Na5 Bd7 20.Nxd7 Qxd7 21.Bxc6 bxc6 22.Bc5 Re6
23.Rfd1 Qe8 24.Bxe7 Qxe7 25.Nxc6 Qe8 26.Qxa6 Kg7 27.Nxb8 Rxa6 28.Nxa6 Qb5
29.Nc5 Qxb2 30.a4 Qa3 31.Rc2 h5 32.Re1 h4 33.Kg2 h3+ 34.Kxh3 Qf3 35.Rxe5 Nh5
36.Re4 g5 37.Rd2 Nf4+ 38.Rxf4 gxf4 39.Nd3 Qh5+ 40.Kg2 f3+ 41.Kg1 Qd5 42.Kf1 Qd4
43.Ke1 Qa1+ 44.Rd1 Qc3+ 45.Rd2  1/2-1/2

[Event "Buenos Aires Sicilian"]
[Site "Buenos Aires"]
[Date "1994.??.??"]
[Round "10"]
[White "Ljubojevic, Ljubomir"]
[Black "Karpov, Anatoly"]
[Result "1/2-1/2"]
[WhiteElo "2580"]
[BlackElo "2780"]

1.e4 c5 2.Nf3 Nc6 3.d4 cxd4 4.Nxd4 e6 5.Nc3 a6 6.Be2 d6 7.O-O Nf6 8.Be3 Be7
9.f4 O-O 10.Qe1 Nxd4 11.Bxd4 b5 12.a3 Bb7 13.Qg3 Bc6 14.Rad1 Qc7 15.Bf3 Rad8
16.Kh1 Kh8 17.Rd3 a5 18.b4 axb4 19.axb4 Qb7 20.Re3 Rg8 21.Qh3 Qc7 22.e5 dxe5
23.Bxe5 Qb6 24.Be2 Bxb4 25.Bd3 Rxd3 26.Rxd3 Be7 27.Ne2 Be4 28.Rd2 Bf5 29.Qf3 Bg4
30.Qd3 Bf5 31.Qf3 Bg4 32.Qd3 Bf5  1/2-1/2

[Event "Buenos Aires PRENAJ"]
[Site "Buenos Aires"]
[Date "1994.??.??"]
[Round "10"]
[White "Marcussi, Bartolome"]
[Black "Needleman, Alejandro"]
[Result "1/2-1/2"]
[WhiteElo "2275"]
[BlackElo "2355"]

1.e4 c5 2.Nf3 e6 3.d4 cxd4 4.Nxd4 Nc6 5.Nc3 Qc7 6.Be2 a6 7.Be3 b5 8.a3 Bb7
9.Nxc6 dxc6 10.O-O Nf6 11.f4 c5 12.e5 Nd5 13.Nxd5 Bxd5 14.c4 bxc4 15.Qc2 Be7
16.Bxc4 O-O 17.Rac1 Rfc8 18.Rfd1 Qb7 19.Rd2 g6 20.Qd1 Rab8 21.Qe2 Bxc4 22.Rxc4 Qb5
23.Rdc2 Qd7 24.R4c3 a5 25.Rd2 Qa4 26.Qc4 Qxc4 27.Rxc4 Rb3 28.Kf2 Rcb8 29.Bxc5 Bxc5+
30.Rxc5 Rxb2 31.Rxb2 Rxb2+ 32.Kg1 Rb1+ 33.Kf2 Rb2+  1/2-1/2

[Event "Buenos Aires Sicilian"]
[Site "Buenos Aires"]
[Date "1994.??.??"]
[Round "11"]
[White "Polgar, Judit"]
[Black "Ljubojevic, Ljubomir"]
[Result "0-1"]
[WhiteElo "2630"]
[BlackElo "2580"]

1.e4 c5 2.Nf3 e6 3.d4 cxd4 4.Nxd4 Nc6 5.Nc3 Qc7 6.Be3 a6 7.Bd3 Nf6 8.O-O b5
9.Qe2 Bb7 10.a3 Be7 11.f4 d6 12.Nf3 O-O 13.Rae1 b4 14.Nd1 bxa3 15.bxa3 e5
16.Nf2 exf4 17.Bxf4 Ne5 18.Nxe5 dxe5 19.Bg5 h6 20.Bxf6 Bxf6 21.Ng4 Be7 22.Bc4 Bc8
23.Bd5 Ra7 24.a4 Qc3 25.Ne3 Rc7 26.Kh1 a5 27.Bb3 Be6 28.Nd5 Bxd5 29.Bxd5 Qxc2
30.Qh5 Bg5 31.Rf3 Kh8 32.Ref1 Qe2 33.h4 Bf4 34.Qg4 Rc2 35.h5 Rd2 36.Rxf4 exf4
37.Qxe2 Rxe2 38.Rxf4 f6 39.Rf3 Rc8 40.Rb3 Ra2 41.Rb7 Rxa4 42.Ra7 Rd8 43.Bf7 Rxe4
44.Rxa5 Re7 45.Bg6 Kg8 46.Kh2 Kf8 47.Kg3 Rc7 48.Bb1 Rd4 49.Ra8+ Ke7 50.Rg8 Rc3+
51.Kf2 Rd2+  0-1

[Event "BUL-ch"]
[Site "BUL"]
[Date "1994.??.??"]
[Round "1"]
[White "Dochev, Dimitar"]
[Black "Todorov, Ognjan"]
[Result "1/2-1/2"]
[WhiteElo "2395"]
[BlackElo "2400"]

1.e4 c5 2.Nf3 Nc6 3.d4 cxd4 4.Nxd4 e6 5.Nc3 Qc7 6.Be3 a6 7.Qd2 b5 8.Nxc6 Qxc6
9.Bd3 Bb7 10.e5 f5 11.O-O-O Bb4 12.Bd4 Ne7 13.a3 Ba5 14.Be2 b4 15.axb4 Bxb4
16.Bh5+ g6 17.Bf3 Qc7 18.Bxb7 Qxb7 19.h4 a5 20.Qd3 Bxc3 21.Bxc3 Nd5 22.Qg3 a4
23.h5 gxh5 24.Rxh5 O-O-O 25.Rh4 Rhg8 26.Qd3 Rg4 27.Rxg4 fxg4 28.Qc4+ Qc6
29.Rd4  1/2-1/2

[Event "ESP-chT"]
[Site "Cala Galdana"]
[Date "1994.??.??"]
[Round "?"]
[White "Fernandez, Juan Luis"]
[Black "Cramling, Pia"]
[Result "1/2-1/2"]
[WhiteElo "2285"]
[BlackElo "2515"]

1.e4 c5 2.Nf3 e6 3.d4 cxd4 4.Nxd4 Nc6 5.Nc3 Qc7 6.Be2 a6 7.O-O Nf6 8.Be3 d6
9.f4 Be7 10.Kh1 O-O 11.Qe1 Nxd4 12.Bxd4 b5 13.Bf3 e5 14.fxe5 dxe5 15.Qg3 Bd6
16.Be3 Bb7 17.Bh6 Ne8 18.Rad1 f5 19.Bh5 b4 20.Nd5 Bxd5 21.Rxd5 Nf6 22.Rxd6 Nxh5
23.Qxe5 Qc4 24.Kg1 Rae8 25.Qd4 Qxd4+ 26.Rxd4 gxh6 27.exf5 Rb8 28.Rh4 Nf6
29.Rxh6 Kg7 30.Rh4 Rfc8 31.Rf2 Rc5 32.Rd4 a5 33.g4 Re8 34.g5 Re1+ 35.Kg2 Nd5
36.Rdd2 Re5 37.h4 h6 38.f6+ Kf7 39.a3 hxg5 40.axb4 axb4 41.hxg5 Rxg5+ 42.Kf3 Rf5+
43.Ke2 Re5+  1/2-1/2

[Event "Calcutta op2"]
[Site "Calcutta"]
[Date "1994.??.??"]
[Round "?"]
[White "Chatterjee, KK."]
[Black "Singh, Rajendra"]
[Result "0-1"]
[WhiteElo "2240"]
[BlackElo "2275"]

1.e4 c5 2.Nf3 e6 3.d4 cxd4 4.Nxd4 Nc6 5.Nc3 Qc7 6.Be3 a6 7.f4 b5 8.Nxc6 Qxc6
9.Bd3 Bb7 10.Rg1 Bc5 11.Qd2 Nf6 12.e5 b4 13.Ne2 Ng4 14.Bxc5 Qxc5 15.O-O-O Ne3
16.Ng3 Nxd1 17.Rxd1 O-O 18.Qe2 Rac8 19.Nh5 f5 20.g4 a5 21.Qe1 Ba6 22.Qg3 Bxd3
23.Qxd3 fxg4 24.Rd2 Qg1+ 25.Rd1 Qxh2 26.Ng3 Rxf4 27.Rh1 Rf3 28.Qe4 Qxc2+
29.Qxc2 Rxc2+ 30.Kxc2 Rxg3 31.Rd1 Re3  0-1

[Event "Calcutta op2"]
[Site "Calcutta"]
[Date "1994.??.??"]
[Round "?"]
[White "Acharya, Chandragupta K"]
[Black "Al Modiahki, Mohamad"]
[Result "1-0"]
[WhiteElo "2260"]
[BlackElo "2380"]

1.e4 c5 2.Nf3 e6 3.d4 cxd4 4.Nxd4 Nc6 5.Nc3 Qc7 6.Be2 a6 7.Be3 b5 8.f4 Bb7
9.O-O Rc8 10.Kh1 Nxd4 11.Qxd4 Nf6 12.e5 Nd5 13.Nxd5 Bxd5 14.c3 Bc5 15.Qd2 O-O
16.Bxc5 Qxc5 17.f5 exf5 18.Rxf5 Be4 19.Rg5 h6 20.Rg4 Bf5 21.Rd4 Qxe5 22.Rd5 Qe6
23.Rd6 Qe7 24.Rxa6 Rc5 25.a4 b4 26.Bf3 bxc3 27.bxc3 Re5 28.Rf1 Re8 29.Ra8 Rxa8
30.Bxa8 Re2 31.Qf4 Qe6 32.a5 d5 33.Qf3 Re5 34.Bb7 Be4 35.Qf2 Rf5 36.Qg1 Rg5
37.Rf2 Bd3 38.Rd2 Bc4 39.Qd1 Re5 40.Qg1 Re1 41.Rd1 Rxg1+ 42.Kxg1 Qe3+ 43.Kh1 Qxc3
44.a6 Qa5  1-0

[Event "Calcutta op"]
[Site "Calcutta"]
[Date "1994.??.??"]
[Round "3"]
[White "Bhattacharyya, P."]
[Black "Kuzmin, Alexey"]
[Result "1/2-1/2"]
[WhiteElo "2190"]
[BlackElo "2525"]

1.e4 c5 2.Nf3 Nc6 3.Nc3 e6 4.d4 cxd4 5.Nxd4 Qc7 6.Be3 a6 7.Be2 Nf6 8.O-O Bb4
9.Bd3 Ne5 10.Bd2 Bc5 11.Nb3 Ba7 12.Qe2 Neg4 13.g3 h5 14.Rae1 d6 15.Kg2 Bd7
16.h3 Ne5 17.f4 Nxd3 18.cxd3 Bc6 19.Be3 Bxe3 20.Qxe3 d5 21.Nd4 dxe4 22.Nxc6 Qxc6
23.dxe4 O-O 24.Qf3 Rfd8 25.Rd1 Qb6 26.Rf2 Rxd1 27.Qxd1 Rd8 28.Rd2 Rxd2+ 29.Qxd2 Qb4
30.a3 Qc4 31.e5 Nd5 32.Nxd5 exd5 33.Kf2 d4 34.g4 hxg4 35.hxg4 Qd5 36.Qd3 g6
37.Qf3 Qb5 38.Qe2 d3 39.Qd2 g5 40.fxg5 Qxe5 41.Qxd3 Qxb2+ 42.Kf3 Kg7 43.Qd6 b6
44.Qd3 b5 45.Qd6 Qb3+ 46.Kf4 Qc4+ 47.Kf3 Qc3+ 48.Kf4 a5 49.g6 Qc4+ 50.Kf3 f6
51.Qd7+ Kxg6 52.Qe8+ Kg7 53.Qd7+ Kh6 54.Qd2+ Kg6 55.Qxa5 Qd3+ 56.Kf4  1/2-1/2

[Event "Calcutta op"]
[Site "Calcutta"]
[Date "1994.??.??"]
[Round "5"]
[White "Bhattacharyya, P."]
[Black "Mishra, Neeraj Kumar"]
[Result "0-1"]
[WhiteElo "2190"]
[BlackElo "2375"]

1.e4 c5 2.Nf3 e6 3.d4 cxd4 4.Nxd4 Nc6 5.Nc3 a6 6.Be3 Qc7 7.Qd2 b5 8.Bf4 e5
9.Nd5 Qb8 10.Nxc6 dxc6 11.O-O-O cxd5 12.Qxd5 f6 13.Be3 Qb7 14.Qd8+ Kf7 15.f3 Be6
16.Qa5 Ne7 17.Bd3 Nc6 18.Qe1 Be7 19.Qh4 Nb4 20.a3 Nxd3+ 21.Rxd3 b4 22.a4 Qc6
23.b3 Rhd8 24.Rhd1 Rac8 25.Qf2 Rxd3 26.Rxd3 Bc5  0-1

[Event "Calcutta op"]
[Site "Calcutta"]
[Date "1994.??.??"]
[Round "6"]
[White "Sanjeev, Kumar"]
[Black "Kuzmin, Alexey"]
[Result "1-0"]
[WhiteElo "2285"]
[BlackElo "2525"]

1.e4 c5 2.Nf3 Nc6 3.d4 cxd4 4.Nxd4 e6 5.Nc3 Qc7 6.Be3 a6 7.Bd3 Nf6 8.O-O Ne5
9.h3 Bc5 10.Kh1 d6 11.f4 Ng6 12.Qe2 O-O 13.Rae1 b5 14.a3 e5 15.fxe5 dxe5
16.Rxf6 exd4 17.Nd5 Qe5 18.Rc6 Bd6 19.Bg1 Re8 20.Nb6 Bb7 21.Rxd6 Qxd6 22.Nxa8 Bxa8
23.Qf2 Rd8 24.e5 Nxe5 25.Qxd4 Qxd4 26.Bxd4 Nxd3 27.cxd3 Bc6 28.Rc1 Rd6 29.Be5 Rg6
30.Rc2 h6 31.Kg1 Bb7 32.Bf4 Re6 33.h4 Re1+ 34.Kf2 Rh1 35.Rc7 Bd5 36.Kg3 Rd1
37.Rc3 Kh7 38.Kf2 Kg6 39.g3 Kf5 40.Ke3  1-0

[Event "Calcutta op"]
[Site "Calcutta"]
[Date "1994.??.??"]
[Round "7"]
[White "Barcenilla, Rogelio"]
[Black "Mishra, Neeraj Kumar"]
[Result "1/2-1/2"]
[WhiteElo "2455"]
[BlackElo "2375"]

1.e4 c5 2.Nf3 e6 3.d4 cxd4 4.Nxd4 Nc6 5.Nc3 Qc7 6.Be2 a6 7.a4 Nf6 8.O-O Bb4
9.Nxc6 bxc6 10.Qd4 c5 11.Qe3 Bxc3 12.Qxc3 O-O 13.e5 Nd5 14.Qg3 Ne7 15.Bd3 Ng6
16.Re1 c4 17.Bf1 Bb7 18.Ra3 Bd5 19.Rc3 Qa5 20.h4 Ne7 21.Rd1 Qxa4 22.Qg4 f6
23.exf6 Rxf6 24.Bg5 Rf7 25.Bxe7 Rxe7 26.Qg5 Rae8 27.Bxc4 Bxc4 28.b3 Bxb3
29.cxb3 Qb4 30.Qg3 d5 31.Rc6 a5 32.h5 h6 33.Qe3 Qg4 34.Ra1 Qxh5 35.Rxa5 Qd1+
36.Kh2 Qh5+ 37.Kg1 Qf5 38.Ra1 Rb7 39.b4 Qe4 40.Qxe4 dxe4 41.Rc4 Reb8 42.Ra4 e3
43.fxe3 Rb5 44.Kf2 Kf7 45.Kf3 Kf6 46.Ke4 Re5+ 47.Kd3 Rd5+ 48.Kc3 Rbd8 49.Rd4 Rc8+
50.Kd3 Rc1 51.Rxd5 exd5 52.Kd4 Rc2 53.Kxd5 Rxg2 54.b5 Rb2 55.Kc5 h5 56.b6 g5
57.Rb4 Rc2+ 58.Kd5 Rc8 59.b7 Rb8 60.e4 g4 61.Kd6 g3  1/2-1/2

[Event "Calcutta op"]
[Site "Calcutta"]
[Date "1994.??.??"]
[Round "9"]
[White "Srivastava, YP."]
[Black "Kuzmin, Alexey"]
[Result "1/2-1/2"]
[WhiteElo "2290"]
[BlackElo "2525"]

1.e4 c5 2.Nf3 Nc6 3.d4 cxd4 4.Nxd4 e6 5.Nc3 Qc7 6.Be3 a6 7.Bd3 Nf6 8.O-O Ne5
9.h3 Bc5 10.Qe2 d6 11.f4 Ng6 12.Kh1 O-O 13.Rad1 b5 14.a3 e5 15.fxe5 dxe5
16.Rxf6 exd4 17.Nd5 Qe5 18.Bf4 Nxf4 19.Rxf4 Bd6 20.Rdf1 Be6 21.g4 Rfe8 22.R4f2 Bxd5
23.exd5 Qxd5+ 24.Qf3 Qxf3+ 25.Rxf3 Ra7 26.Kg2 f6 27.a4 bxa4 28.Ra1 a3 29.bxa3 Rb8
30.Re1 Be5 31.Bc4+ Kh8 32.a4 a5 33.Rb3 Rxb3 34.Bxb3 g6 35.Kf3 Kg7 36.g5 Rc7
37.gxf6+ Bxf6 38.Kg2 Rc3 39.Rd1 Rc5 40.Rd3 Rg5+ 41.Rg3 Re5 42.Rf3 h5 43.Bc4 Rc5
44.Bd3 Rc3 45.Be4 Rc4 46.Rb3 Rxa4 47.Rb7+ Kh6 48.Rb6 Kg5 49.Rb5+ Kf4 50.Bxg6  1/2-1/2

[Event "CAN-ch"]
[Site "CAN"]
[Date "1994.??.??"]
[Round "15"]
[White "Leveille, Francois"]
[Black "Spraggett, Kevin"]
[Result "1/2-1/2"]
[WhiteElo "2380"]
[BlackElo "2530"]

1.e4 c5 2.Nf3 e6 3.d4 cxd4 4.Nxd4 Nc6 5.Nc3 Qc7 6.g3 a6 7.Bg2 Nf6 8.O-O d6
9.Re1 Rb8 10.b3 Be7 11.Bb2 O-O 12.h3 Bd7 13.Nde2 b5 14.a3 Rfd8 15.Nf4 Ne5
16.Qe2 Bc6 17.Kh2 a5 18.Rad1 Re8 19.Nh5 b4 20.axb4 axb4 21.Nb1 Bb5 22.Nxf6+ Bxf6
23.Qd2 Nf3+ 24.Bxf3 Bxb2 25.Qxb4 Be2 26.Qxb8 Rxb8 27.Rxe2 Bf6 28.Na3 h5 29.h4 g6
30.Kg2 Qc5  1/2-1/2

[Event "Doeberl Cup"]
[Site "Canberra"]
[Date "1994.??.??"]
[Round "6"]
[White "Rogers, Ian"]
[Black "Johansen, Darryl K"]
[Result "1/2-1/2"]
[WhiteElo "2565"]
[BlackElo "2500"]

1.e4 c5 2.Nf3 e6 3.d4 cxd4 4.Nxd4 Nc6 5.Nc3 d6 6.Be3 Nf6 7.f4 e5 8.Nf3 Ng4
9.Qd2 Nxe3 10.Qxe3 exf4 11.Qxf4 Be7 12.Nd5 Be6 13.O-O-O Bxd5 14.exd5 Ne5
15.Bb5+ Kf8 16.Rhf1 Nxf3 17.Qxf3 Bf6 18.Qb3 h5 19.Kb1 Qb6 20.Rf5 h4 21.h3 a6
22.Be2 Qxb3 23.axb3 Ke7 24.Rf4 a5 25.c3 Rhc8 26.Kc2 Kf8 27.Rc4 Rxc4 28.bxc4 Re8
29.Bf3 b6 30.Kb3 Ke7 31.Ka4 Kd7 32.Kb5 Kc7 33.Bh5 Re5 34.c5 bxc5 35.Ra1 Re8
36.Bxf7 Rb8+ 37.Kc4 Rxb2 38.Rxa5 Kb6 39.Ra3 Rxg2 40.Rb3+ Kc7 41.Ra3 Be5 42.Be6 Rb2
43.Ra7+ Kb6 44.Ra3 Rf2 45.Rb3+ Kc7 46.Ra3 Rb2  1/2-1/2

[Event "Cannes op"]
[Site "Cannes"]
[Date "1994.??.??"]
[Round "2"]
[White "Apicella, Manuel"]
[Black "Cebalo, Miso"]
[Result "1-0"]
[WhiteElo "2435"]
[BlackElo "2520"]

1.e4 c5 2.Nf3 e6 3.d4 cxd4 4.Nxd4 Nc6 5.Nc3 d6 6.Be2 Nf6 7.f4 Be7 8.Be3 O-O
9.O-O Bd7 10.Nb3 a6 11.a4 Nb4 12.Bf3 Qc7 13.a5 Rac8 14.Rf2 Bc6 15.Qe1 d5
16.e5 Nd7 17.Bd4 g6 18.Qe3 Bb5 19.Nxb5 axb5 20.c3 Nc6 21.g4 b4 22.Rd1 Rfe8
23.Be2 Nxa5 24.Nxa5 Qxa5 25.f5 Nc5 26.Rdf1 Ne4 27.fxe6 fxe6 28.Rf7 Bg5 29.Qh3 h6
30.Rxb7 Rf8 31.Qd3 bxc3 32.bxc3 Rxf1+ 33.Bxf1 Ra8 34.Rb6 Qa2 35.Rxe6 Bf4
36.Be2 Qa1+ 37.Kg2 Qe1 38.Qb5 Ng5 39.Rxg6+ Kh7 40.Qd7+ Kxg6 41.Qf5+ Kg7 42.e6+  1-0

[Event "Cap d'Agde op"]
[Site "Cap d'Agde"]
[Date "1994.??.??"]
[Round "?"]
[White "Claverie, Christophe"]
[Black "Marciano, David"]
[Result "0-1"]
[WhiteElo "2270"]
[BlackElo "2395"]

1.e4 c5 2.Nf3 e6 3.d4 cxd4 4.Nxd4 Nc6 5.Nc3 Qc7 6.g3 g6 7.Bg2 Nf6 8.O-O Nxd4
9.Qxd4 Bc5 10.Qd3 Ng4 11.Qe2 h5 12.h3 Qxg3 13.hxg4 hxg4 14.Re1 Rh2 15.Qf1 Rxg2+
16.Qxg2 Bxf2+ 17.Kf1 Qxg2+ 18.Kxg2 Bxe1 19.Na4 b5 20.Bf4 Ba5 21.Nc5 Bb6 22.Bd6 Bxc5
23.Bxc5 Bb7 24.Kg3 Bxe4 25.Kxg4 Rc8 26.b4 f6 27.Rd1 Bxc2  0-1